Pan y canela 5 : (Registro nro. 9939)

Detalles MARC
000 -LIDER
fixed length control field 01695nam a2200421 a 4500
001 - NÚMERO DE CONTROL
Identificador de número de control 0000343
003 - IDENTIFICACDOR DE NÚMERO DE CONTROL
control field DO-SdBNP
005 - DATE AND TIME OF LATEST TRANSACTION
control field 20180314095420.0
007 - CAMPOS FIJOS DE DESCRIPCIÓN FÍSICA
fixed length control field 0000343
008 - ELEMENTOS DE LONGITUD FIJA
fixed length control field 150602s2007 dr a 000 0 spa d
020 ## - ISBN
Canceled/invalid ISBN 9945426257
040 ## - FUENTE DE CATALOGACIÓN
Agencia que crea de manera original el registro BPMSU
Idioma de catalogación spa
Agencia que realiza la transcripción BPMSU
092 ## - LOCALLY ASSIGNED DEWEY DECIMAL CALL NUMBER
Número de clasificación 372.21
Número de ítem (Cutter) A516p, 5 años, 2007
100 1# - ASIENTO PRINCIPAL -- NOMBRE PERSONAL
Nombre personal Amiama Espaillat, Cristina
245 00 - MENCIÓN DE TITULO
Título Pan y canela 5 :
Subtítulo nivel inicial /
Mención de responsabilidad Cristina Amiama Espaillat, Rebeca González ; dirección editorial Diana Paris ; ilustración Henry Cid, Montserrat Ubach Figueras.
260 ## - PUBLICACIÓN, DISTRIBUCIÓN, ETC. (PIE DE IMPRENTA)
Lugar de publicación, distribución, etc Santo Domingo :
Nombre del editor, distribuidor, etc. Ediciones SM,
Fecha de publicación, distribución, etc 2007.
300 ## - DESCRIPCIÓN FÍSICA
Extensión 278 p.:
Otros detalles físicos il. ;
Dimensiones 23 cm.
490 1# - MENCIÓN DE SERIES
Mención de serie Proyecto de mundo abierto
490 1# - MENCIÓN DE SERIES
Mención de serie Educación en valores
505 0# - NOTA DE CONTENIDO
Título El centro educativo, mi casa --
-- Mi persona --
-- La experiencia familiar --
-- La navidad --
-- El barrio donde vivo --
-- Mi país --
-- El carnaval --
-- Los alimentos y la salud --
-- Los animales --
-- Los transportes --
-- Los medios de comunicación --
-- La naturaleza en el planeta tierra /
650 ## - ENCABEZAMIENTO DE MATERIA--TEMÁTICO
Término temático o nombre geográfico como elemento de entrada EDUCACIÓN PREESCOLAR
Subdivisión geográfica REPÚBLICA DOMINICANA
650 ## - ENCABEZAMIENTO DE MATERIA--TEMÁTICO
Término temático o nombre geográfico como elemento de entrada EDUCACIÓN DE NIÑOS
650 ## - ENCABEZAMIENTO DE MATERIA--TEMÁTICO
Término temático o nombre geográfico como elemento de entrada EDUCACIÓN EN LA PRIMERA INFANCIA
650 ## - ENCABEZAMIENTO DE MATERIA--TEMÁTICO
Término temático o nombre geográfico como elemento de entrada JARDINES INFANTILES
650 ## - ENCABEZAMIENTO DE MATERIA--TEMÁTICO
Término temático o nombre geográfico como elemento de entrada EDUCACIÓN PREESCOLAR
Subdivisión temática general LIBROS DE TEXTO
650 ## - ENCABEZAMIENTO DE MATERIA--TEMÁTICO
Término temático o nombre geográfico como elemento de entrada EDUCACIÓN PREESCOLAR
Subdivisión temática general ESTUDIOS Y EJERCICIOS
700 1# - ASIENTO SECUNDARIO -- NOMBRE PERSONAL
Nombre personal González, Rebeca
700 1# - ASIENTO SECUNDARIO -- NOMBRE PERSONAL
Nombre personal Paris, Diana
Mención de responsabilidad dir. ed.
700 1# - ASIENTO SECUNDARIO -- NOMBRE PERSONAL
Nombre personal Cid, Henry
Mención de responsabilidad il.
700 1# - ASIENTO SECUNDARIO -- NOMBRE PERSONAL
Nombre personal Ubach Figueras, Montserrat
Mención de responsabilidad il.
700 1# - ASIENTO SECUNDARIO -- NOMBRE PERSONAL
Nombre personal Castillo, Edmundo
Mención de responsabilidad il.
830 #0 - ASIENTO SECUNDARIO DE SERIE--TÍTULO UNIFORME
Título uniforme Proyecto mundo abierto
830 #0 - ASIENTO SECUNDARIO DE SERIE--TÍTULO UNIFORME
Título uniforme Educación en valores
910 ## - VALIDACIÓN
Validación 00144
942 ## - ADDED ENTRY ELEMENTS (KOHA)
Source of classification or shelving scheme Dewey Decimal Classification
Koha item type Libros
945 ## - INFORMACIÓN DE PROCESAMIENTO LOCAL
Información de procesamiento local Remanejado para la BNPHU, 2018 / BT
956 ## - LOCAL ELECTRONIC LOCATION AND ACCESS (OCLC)
Nombre de host YLOCKWARD
Número de acceso 10
Existencias
Withdrawn status Lost status Source of classification or shelving scheme Damaged status Not for loan Collection code Home library Current library Date acquired Source of acquisition Total Checkouts Barcode Date last seen Price effective from Koha item type Copy number
    Dewey Decimal Classification     Colección Infantil Dominicana Biblioteca Pública Metropolitana Salomé Ureña Biblioteca Pública Metropolitana Salomé Ureña 04/27/2016 Donación   BPMSU16040724 04/27/2016 04/27/2016 Libros  
    Dewey Decimal Classification     Colección Infantil Dominicana Biblioteca Pública Metropolitana Salomé Ureña Biblioteca Pública Metropolitana Salomé Ureña 04/27/2016 Donación   BPMSU16040725 04/27/2016 04/27/2016 Libros e. 2